| 000 | 01389nam a2200385 c 4500 | ||
|---|---|---|---|
| 999 |
_c17020 _d17020 |
||
| 001 | 17020 | ||
| 003 | ES-MaCES | ||
| 005 | 20180921124625.0 | ||
| 008 | 041011s2004 sp l 000 | spa d | ||
| 017 |
_aNA 2399-2004 _bDL |
||
| 020 | _a8497679008 | ||
| 035 | _aCES20040013745m | ||
| 040 |
_aES-MaCES _bspa _cES-MaCES |
||
| 110 | 1 |
_aEspaña _tLeyes, etc., laborales y de Seguridad Social _93135 |
|
| 245 | 1 | 0 |
_aLegislación laboral y de Seguridad Social _cedición preparada por Jesús Mª Galiana Moreno y Antonio V. Sempere Navarro |
| 250 | _a12ª ed | ||
| 260 |
_aElcano (Navarra) _bAranzadi _c2004 |
||
| 300 |
_a1898 p. _c21 cm |
||
| 490 | 1 |
_aColección Códigos básicos Aranzadi _v7 |
|
| 500 | _aÍndices | ||
| 541 | _cCompra | ||
| 650 | 4 |
_alegislación del trabajo _927166 |
|
| 650 | 4 |
_alegislación de seguridad social _929855 |
|
| 650 | 4 |
_aEspaña _926964 |
|
| 650 | 4 |
_atexto _929624 |
|
| 653 | 1 | 0 | _aLegislación |
| 700 | 1 |
_aGaliana Moreno, Jesús María _eed. lit. _912597 |
|
| 700 | 1 |
_aSempere Navarro, Antonio Vicente _eed. lit. _923834 |
|
| 775 | 0 |
_tLegislación laboral y de la Seguridad Social _w(ES-MaCES)18101 |
|
| 775 | 0 |
_tLegislación laboral y de la Seguridad Social _w(ES-MaCES)14212 |
|
| 830 | 0 |
_aColección Códigos básicos Aranzadi _v7 _932116 |
|
| 902 | _aLIB Libro | ||
| 942 |
_2CES _cBK _h6.1. |
||